[Event "Maia Cup 2019"]
[Site "Tbilisi"]
[Date "2019.09.05"]
[Round "2.5"]
[White "Fier, Alexandr"]
[Black "Endeladze, Ramaz"]
[Result "1-0"]
[WhiteElo "2549"]
[BlackElo "1904"]
[Annotator "TA"]
[PlyCount "41"]
[EventDate "2019.09.05"]
[EventType "swiss"]
[EventCountry "GEO"]
[SourceTitle "playchess.com"]
[Source "ChessBase"]
[SourceQuality "1"]

{[%evp 16,41,83,82,86,57,56,31,39,17,93,95,172,95,377,369,376,354,379,352,355,354,356,385,362,356,29995,29996]} 1. d4 g6 2. c4 Bg7 3. e4 d6 4. Nc3 Nc6 5. d5 Nd4 6. Be3 e5 7. Nge2 Nxe2 8. Bxe2 f5 9. exf5 Bxf5 $146 {A42: Modern Defence: Averbakh Variation} (9... gxf5 10. Bh5+ Kf8 11. f4 e4 12. c5 Nf6 13. O-O Bd7 14. Rc1 b6 15. cxd6 cxd6 16. a4 Rc8 17. Be2 h5 {1-0 (58) Kuzubov,Y (2639)-Rakhmanov,A (2610) Dubai 2014}) 10. h4 h5 11. Qd2 Nf6 {White is slightly better.} 12. f3 b6 (12... O-O $11 {keeps the balance.}) 13. O-O-O $16 a6 (13... Qd7 $16 {was worth a try.}) 14. Rdg1 (14. Bg5 $18) 14... b5 $2 {[%mdl 8192] [#]} (14... Qd7 $16 {keeps fighting.}) 15. g4 $18 hxg4 16. fxg4 Ne4 17. Qe1 Nxc3 18. gxf5 Nxe2+ 19. Qxe2 Rxh4 {[#]} 20. Qg2 $1 {[%mdl 512]} Rxh1 $2 (20... Rxc4+ $18 21. Kd1 Qf6) 21. Qxg6+ {[%mdl 64] Double Attack. Accuracy: White = 49%, Black = 19%.} 1-0

[Event "Maia Cup 2019"]
[Site "Tbilisi"]
[Date "2019.09.05"]
[Round "2.6"]
[White "Chkuaseli, Revaz"]
[Black "Arutinian, David"]
[Result "0-1"]
[WhiteElo "1882"]
[BlackElo "2551"]
[Annotator "ChessBase"]
[PlyCount "116"]
[EventDate "2019.09.05"]
[EventType "swiss"]
[EventCountry "GEO"]
[SourceTitle "playchess.com"]
[Source "ChessBase"]
[SourceQuality "1"]
[TimeControl "900+10"]

1. e4 {[%emt 0:00:00]} g6 {[%emt 0:00:10]} 2. d4 {[%emt 0:00:00]} Bg7 {[%emt 0:00:02]} 3. Nc3 {[%emt 0:00:02]} d6 {[%emt 0:00:02]} 4. Be3 {[%emt 0:00:04]} a6 {[%emt 0:00:02]} 5. Qd2 {[%emt 0:01:05]} b5 {[%emt 0:00:02]} 6. Bd3 {[%emt 0:00:06]} Bb7 {[%emt 0:00:02]} 7. a3 {[%emt 0:00:45]} Nd7 {[%emt 0:00:03]} 8. f4 {[%emt 0:00:39]} c5 {[%emt 0:00:05]} 9. Nf3 {[%emt 0:01:06]} cxd4 {[%emt 0:00:07]} 10. Bxd4 {[%emt 0:00:44]} Bxd4 {[%emt 0:00:29]} 11. Nxd4 {[%emt 0:00:02]} Ngf6 {[%emt 0:00:01]} 12. Nb3 {[%emt 0:02:23]} O-O {[%emt 0:00:26]} 13. O-O-O {[%emt 0:00:20]} Rc8 {[%emt 0:00:11]} 14. Rhe1 {[%emt 0:00:59]} e5 {[%emt 0:00:36]} 15. Bf1 {[%emt 0:01:16]} Ne8 {[%emt 0:03:08]} 16. Nd5 {[%emt 0:01:24]} Bxd5 {[%emt 0:00:13]} 17. Qxd5 {[%emt 0:00:52]} exf4 {[%emt 0:00:40]} 18. Qb7 {[%emt 0:02:41]} Qc7 {[%emt 0:00:10]} 19. Qxc7 {[%emt 0:00:02]} Rxc7 {[%emt 0:00:02]} 20. Rd2 {[%emt 0:01:19]} Ne5 {[%emt 0:00:06]} 21. h3 {[%emt 0:01:38]} h5 {[%emt 0:01:04]} 22. Red1 {[%emt 0:00:34]} f5 {[%emt 0:00:17]} 23. exf5 {[%emt 0:00:31]} Rxf5 {[%emt 0:00:02]} 24. Nd4 {[%emt 0:00:14]} Rf6 {[%emt 0:00:02]} 25. a4 Nc4 {[%emt 0:00:33]} 26. Bxc4+ {[%emt 0:00:12]} bxc4 {[%emt 0:00:07]} 27. Re1 {[%emt 0:00:14]} Kf7 {[%emt 0:00:04]} 28. Rde2 {[%emt 0:00:12]} Ng7 {[%emt 0:00:15]} 29. Nf3 {[%emt 0:00:08]} Rf5 {[%emt 0:00:22]} 30. Kb1 {[%emt 0:00:09]} g5 {[%emt 0:00:11]} 31. b4 {[%emt 0:00:12]} cxb3 {[%emt 0:00:04]} 32. cxb3 {[%emt 0:00:00]} Kf6 {[%emt 0:00:02]} 33. Kb2 {[%emt 0:00:16]} Rd5 {[%emt 0:00:20]} 34. h4 {[%emt 0:00:14]} g4 {[%emt 0:00:06]} 35. Ng5 {[%emt 0:00:12]} Re5 {[%emt 0:00:05]} 36. Ne4+ {[%emt 0:00:12]} Ke6 {[%emt 0:00:02]} 37. Ng5+ {[%emt 0:00:10]} Kf5 {[%emt 0:00:04]} 38. Rxe5+ {[%emt 0:00:12]} dxe5 {[%emt 0:00:01]} 39. Ne4 {[%emt 0:00:05]} f3 {[%emt 0:00:24]} 40. g3 {[%emt 0:00:15]} Ne8 {[%emt 0:00:18]} 41. b4 {[%emt 0:00:05]} Rc4 {[%emt 0:00:05]} 42. Nc5 {[%emt 0:00:10]} Rxb4+ {[%emt 0:00:03]} 43. Kc3 {[%emt 0:00:00]} Rd4 {[%emt 0:00:03]} 44. Nxa6 {[%emt 0:00:04]} Rxa4 {[%emt 0:00:02]} 45. Nc5 {[%emt 0:00:05]} Ra2 {[%emt 0:00:28]} 46. Nd3 {[%emt 0:00:16]} e4 {[%emt 0:00:07]} 47. Nf4 {[%emt 0:00:12]} Nf6 {[%emt 0:00:25]} 48. Kd4 {[%emt 0:00:13]} Rd2+ {[%emt 0:00:59]} 49. Ke3 {[%emt 0:00:05]} Rd7 {[%emt 0:00:06]} 50. Kf2 {[%emt 0:00:12]} Nd5 {[%emt 0:00:04]} 51. Rd1 {[%emt 0:00:27]} e3+ {[%emt 0:00:03]} 52. Ke1 {[%emt 0:00:10]} Nxf4 {[%emt 0:00:21]} 53. Rxd7 {[%emt 0:00:03]} Ng2+ {[%emt 0:00:04]} 54. Kf1 {[%emt 0:00:16]} e2+ {[%emt 0:00:03]} 55. Kg1 {[%emt 0:00:03]} e1=Q+ 56. Kh2 Nf4 {[%emt 0:00:19]} 57. Rf7+ {[%emt 0:00:25]} Kg6 {[%emt 0:00:03]} 58. Rxf4 {[%emt 0:00:03]} Qf2+ 0-1

[Event "Maia Cup 2019"]
[Site "Tbilisi"]
[Date "2019.09.05"]
[Round "2.7"]
[White "Maghalashvili, Davit"]
[Black "Tqeshelashvili, Giorgi"]
[Result "1-0"]
[WhiteElo "2500"]
[BlackElo "1935"]
[Annotator "TA"]
[PlyCount "95"]
[EventDate "2019.09.05"]
[EventType "swiss"]
[EventCountry "GEO"]
[SourceTitle "playchess.com"]
[Source "ChessBase"]
[SourceQuality "1"]

{[%evp 19,95,4,33,24,35,43,71,68,69,72,83,64,59,57,75,73,72,77,85,69,72,82,113,51,161,157,150,149,202,210,233,234,264,243,239,247,255,206,194,175,187,182,231,179,204,112,85,0,0,0,0,0,2,0,383,360,728,722,1012,639,718,625,703,703,1580,1552,29978,29976,5393,1125,29984,3122,29985,29986,29991,29992,29998,29999]} 1. Nf3 Nf6 2. g3 e6 3. c4 d5 4. Bg2 Be7 5. O-O O-O 6. b3 c6 7. Bb2 Nbd7 8. d4 Ne4 9. Nbd2 f5 10. Rc1 Qe8 11. Ne1 $146 {A93: Classical Dutch: Classical Stonewall: 7 b3} (11. Ne5 Nxe5 12. dxe5 b6 13. Nxe4 dxe4 14. e3 a5 15. a3 Bc5 16. Rc2 Qe7 17. Qc1 Bd7 18. Rd1 Rfd8 {0-1 (41) Zuniga,I (2083)-Manukian,G (2319) Pasadena 2008}) 11... Nxd2 12. Qxd2 Qh5 13. Nd3 {White is better.} Nf6 14. f3 Bd7 15. Nc5 Bxc5 16. dxc5 Rae8 17. Be5 Bc8 18. b4 {[%cal Bb3b4,Bb4b5][%mdl 32]} Qg6 19. b5 Nd7 20. Bd6 Rf6 21. e4 ({Better is} 21. Qb4 $16) 21... dxe4 (21... fxe4 $14 22. fxe4 Rxf1+ 23. Rxf1 dxe4) 22. fxe4 fxe4 23. Rfe1 $1 {Threatens to win with bxc6.} Qh5 (23... Rf3 $16 24. Bxf3 exf3) 24. Rxe4 $18 cxb5 25. cxb5 h6 26. c6 bxc6 27. bxc6 Nb6 28. Rf4 Rxf4 29. Qxf4 e5 30. Qe3 Kh8 31. Bc5 e4 32. Bxb6 ({Don't take} 32. Bxe4 Qe5) (32. Bd4 $18) 32... axb6 $16 33. Qxb6 ({But not} 33. Bxe4 $6 Qg4 $11) (33. c7 $16) 33... e3 $11 {White should prevent ...Qe2.} 34. Re1 e2 35. Qf2 Bg4 36. a4 Qa5 $2 {[%mdl 8192]} (36... Qe5 $11) 37. h3 $18 Bc8 $2 (37... Bh5 38. g4 Bg6 39. Rxe2 Rd8) 38. Rxe2 Rd8 39. Qf4 Ba6 40. Rf2 Qc5 41. Kh2 Bc8 42. c7 Re8 43. Qf7 Qe5 {[#]} 44. a5 $1 h5 {[#]} (44... Qxa5 45. Qxe8+) 45. h4 (45. Rf5 $142 $1 {[%mdl 512]} Bxf5 46. Qxh5+ Bh7 47. Qxe5 {[%mdl 64] Overworked Piece} Rxe5 48. c8=Q+ Bg8 49. a6 Ra5 {[#]} 50. a7 $1 {[%mdl 512]}) 45... Kh7 46. Bf1 {White mates.} Bg4 47. Bd3+ Kh8 {[#]} 48. Qf8+ $1 {[%mdl 576] Back Rank. Accuracy: White = 52%, Black = 33%.} 1-0

[Event "Maia Cup 2019"]
[Site "Tbilisi"]
[Date "2019.09.05"]
[Round "3.1"]
[White "Lomsadze, Davit"]
[Black "Jobava, Baadur"]
[Result "0-1"]
[WhiteElo "2304"]
[BlackElo "2617"]
[Annotator "TA"]
[PlyCount "124"]
[EventDate "2019.09.05"]
[EventType "swiss"]
[EventCountry "GEO"]
[SourceTitle "playchess.com"]
[Source "ChessBase"]
[SourceQuality "1"]

{[%evp 9,124,19,15,25,29,17,38,-13,0,-6,19,15,18,18,27,29,26,6,8,10,37,13,23,-23,-20,-17,-10,-15,35,-24,-27,-19,-32,-15,-14,-64,-50,-78,-66,-66,2,7,0,0,0,0,0,-19,0,-20,-25,-23,-7,-56,0,-25,0,-2,0,-17,-9,-18,-6,-70,-55,-105,-52,-100,-91,-93,-76,-85,-28,-47,-49,-93,-44,-57,-65,-64,-44,-44,-32,-32,-32,-73,-79,-72,-75,-137,-137,-137,-134,-108,-122,-137,-137,-376,-25,-25,-25,-26,-26,-26,-18,-25,-25,-443,-402,-826,-826,-640,-589,-29978,-29979,-29976,-29976]} 1. Nf3 d5 2. g3 c6 3. Bg2 Bf5 4. O-O e6 5. d3 (5. c4 Nf6 6. cxd5 exd5 7. d3 Bc5 8. Qb3 Bb6 9. Nc3 O-O 10. Na4 Re8 11. Nxb6 axb6 12. Qc2 h6 13. b3 c5 14. Bb2 Nc6 15. a3 {0-1 (41) Oparin,G (2613)-Carlsen,M (2835) St Petersburg 2018}) 5... h6 6. Nbd2 {A07: Réti Opening: New York and Capablanca Systems} Bh7 7. c4 Nd7 8. b3 $146 (8. cxd5 $14 cxd5 9. Qb3) ({Predecessor:} 8. a3 Ngf6 9. cxd5 exd5 10. b4 a6 11. Bb2 {1-0 (30) Lauer,F (989)-Klawitter,B (726) LSS email 2013}) 8... Be7 9. Bb2 Bf6 (9... Ngf6 {is more complex.} 10. cxd5 exd5 11. a3 O-O 12. Qc2 Re8) 10. Qc1 Ne7 11. Bxf6 Nxf6 12. Qb2 O-O 13. Rac1 Qb6 14. Ne5 Rad8 15. h3 Ne8 16. Kh2 f6 17. Nef3 e5 18. Qa3 Rf7 19. cxd5 (19. c5 $14 Qa6 20. Qxa6 bxa6 21. e4) 19... cxd5 $11 20. Qc5 Qa6 21. a4 Bf5 22. Nh4 (22. e4 $5 {[%cal Re4f5]} b6 23. Qb4 $11) 22... Be6 23. f4 Rc8 24. Qb4 Qd6 (24... Rxc1 $15 25. Rxc1 g5) 25. Qxd6 Nxd6 26. Rxc8+ Bxc8 27. Rc1 Be6 28. Nhf3 Nc6 29. e4 dxe4 30. dxe4 Re7 31. Bf1 Kf8 ({Black should try} 31... exf4 $15 32. gxf4 g5) 32. Rc5 {[%cal Rf4e5]} Bf7 {Threatens to win with ...exf4.} 33. a5 Be8 34. Rd5 Nf7 35. Nh4 {And now Ng6+ would win.} Nfd8 36. fxe5 (36. Nf5 $11) 36... Rxe5 $15 37. a6 bxa6 (37... Rxd5 $17 38. exd5 Ne7) 38. Bxa6 {[#]} Rxd5 $1 39. exd5 Nb4 40. Bc4 Nb7 (40... Bf7 $17) 41. Nf5 Bd7 42. Nd4 Nd6 43. g4 Ke7 44. Kg3 a5 45. Kf4 g5+ 46. Ke3 f5 47. gxf5 Nxf5+ 48. Nxf5+ Bxf5 {[%mdl 4096] Endgame KBN-KBN} 49. Kd4 ({White should play} 49. Bf1) 49... Bxh3 $17 50. Ke5 {[#]} Bg2 $1 51. d6+ Kd8 52. Be6 h5 53. Nc4 $2 (53. Kf5 $17 {was forced.}) 53... h4 $2 (53... Nc6+ $19 54. Kf6 h4) 54. Nxa5 $11 h3 55. Bxh3 $1 Bxh3 56. Nb7+ $1 Ke8 57. Nc5 Nc6+ 58. Ke4 $2 {[%mdl 8192]} (58. Kf6 $11) 58... Kf7 $19 59. Kd5 (59. Kd3 $142) 59... Bg2+ 60. Kc4 g4 {White must now prevent ...g3.} 61. b4 g3 62. b5 Bf1+ {Accuracy: White = 42%, Black = 50%.} 0-1

[Event "Maia Cup 2019"]
[Site "Tbilisi"]
[Date "2019.09.05"]
[Round "3.2"]
[White "Quparadze, Giga"]
[Black "Charkhalashvili, Inga"]
[Result "1-0"]
[WhiteElo "2462"]
[BlackElo "2276"]
[Annotator "TA"]
[PlyCount "53"]
[EventDate "2019.09.05"]
[EventType "swiss"]
[EventCountry "GEO"]
[SourceTitle "playchess.com"]
[Source "ChessBase"]
[SourceQuality "1"]

{[%evp 16,53,50,46,76,74,75,79,119,115,141,130,127,77,151,154,172,156,186,175,237,279,256,268,379,350,541,532,560,565,561,553,539,520,1199,1197,1209,1212,1194,1191]} 1. e4 c6 2. d4 d5 3. Nc3 dxe4 4. Nxe4 Nf6 5. Nxf6+ exf6 6. c3 Bd6 7. Bd3 Be6 8. Ne2 Qc7 9. Qc2 c5 $146 {B15: Caro-Kann: 3 Nc3: 3...g6 and 3...dxe4 4 Nxe4 Nf6 5 Nxf6+ exf6} ({Predecessor:} 9... Nd7 10. Be3 O-O-O 11. O-O-O Rhe8 12. c4 Bg4 13. h3 Bxe2 14. Bxe2 Bf4 15. Rd3 c5 16. Kb1 Bxe3 17. fxe3 {½-½ (55) Zajic,M (2488)-Artemiev,V (2709) Skopje 2018}) 10. dxc5 (10. Bxh7 g6 $17) 10... Bxc5 11. Bf4 (11. Bxh7 g6 $17) 11... Qb6 {White is better.} 12. O-O Nc6 13. b4 Be7 14. a3 Rc8 (14... Ne5 $142) 15. c4 $16 Nd4 16. Nxd4 Qxd4 17. Be3 Qh4 {[#]} (17... Qd7 $142 18. Rfd1 Kf8) 18. Qa4+ $1 $18 ({But not} 18. Bxa7 $6 O-O $16) 18... Bd7 19. Qxa7 Bc6 (19... Bd6 $142 20. f4 O-O 21. Qxb7 Bc6) 20. Bf5 Rd8 (20... O-O $142 21. b5 Ra8) 21. b5 {White is clearly winning.} Bd7 22. Bxd7+ Rxd7 23. Qb8+ Rd8 24. Qxb7 Bd6 (24... Qxc4 $142 25. Rad1 Rxd1 26. Rxd1 O-O 27. Qxe7 Qxb5) 25. Qc6+ Kf8 26. g3 Qh3 27. Bb6 {Accuracy: White = 91%, Black = 18%.} 1-0

[Event "Maia Cup 2019"]
[Site "Tbilisi"]
[Date "2019.09.05"]
[Round "3.3"]
[White "Jojua, Davit"]
[Black "Sulashvili, Malkhaz"]
[Result "1-0"]
[WhiteElo "2563"]
[BlackElo "2381"]
[Annotator "RC"]
[PlyCount "54"]
[EventDate "2019.09.05"]
[EventType "swiss"]
[EventCountry "GEO"]
[SourceTitle "playchess.com"]
[Source "ChessBase"]
[SourceQuality "1"]
[TimeControl "900+10"]

1. d4 {[%emt 0:00:00]} d5 {[%emt 0:00:00]} 2. Bf4 {[%emt 0:00:00]} e6 {[%emt 0:00:00]} 3. e3 {[%emt 0:00:01]} Bd6 {[%emt 0:00:00]} 4. Nf3 {[%emt 0:00:04]} Bxf4 {[%emt 0:01:56]} 5. exf4 {[%emt 0:00:02]} c5 {[%emt 0:00:02]} 6. dxc5 {[%emt 0:00:38]} Qa5+ {[%emt 0:00:06]} 7. c3 {[%emt 0:00:19]} Qxc5 {[%emt 0:00:03]} 8. Bd3 {[%emt 0:00:02]} Nf6 {[%emt 0:00:14]} 9. O-O {[%emt 0:00:05]} O-O {[%emt 0:00:06]} 10. Nbd2 {[%emt 0:00:10]} b6 {[%emt 0:00:17]} 11. Qe2 {[%emt 0:00:13]} a5 {[%emt 0:00:05]} 12. Nd4 {[%emt 0:02:08]} Ba6 {[%emt 0:01:06]} 13. Bxa6 {[%emt 0:00:53]} Nxa6 {[%emt 0:00:11]} 14. f5 {[%emt 0:00:03]} exf5 {[%emt 0:00:47]} 15. Nxf5 {[%emt 0:00:03]} a4 {[%emt 0:00:07]} 16. Rfe1 {[%emt 0:03:33]} Qc7 {[%emt 0:01:00]} 17. Qe3 {[%emt 0:00:44]} g6 {[%emt 0:02:55]} 18. Qd4 {[%emt 0:01:34]} Qd8 {[%emt 0:01:20]} 19. Ne7+ {[%emt 0:00:31]} Kg7 {[%emt 0:00:02]} 20. g4 {[%emt 0:00:03]} h6 {[%emt 0:00:58]} 21. f4 {[%emt 0:00:27]} Qd7 {[%emt 0:00:06]} 22. g5 {[%emt 0:01:48]} Qg4+ {[%emt 0:00:09]} 23. Kh1 {[%emt 0:00:10]} hxg5 {[%emt 0:00:04]} 24. Nxd5 {[%emt 0:00:07]} Rad8 {[%emt 0:01:39]} 25. Qxf6+ {[%emt 0:00:07]} Kh7 {[%emt 0:00:01]} 26. Qxd8 {[%emt 0:00:12]} Qf5 {[%emt 0:00:24]} 27. Qxg5 Nb8 1-0

[Event "Maia Cup 2019"]
[Site "Tbilisi"]
[Date "2019.09.05"]
[Round "3.4"]
[White "Volkov, Nika"]
[Black "Fier, Alexandr"]
[Result "0-1"]
[WhiteElo "2066"]
[BlackElo "2549"]
[Annotator "TA"]
[PlyCount "78"]
[EventDate "2019.09.05"]
[EventType "swiss"]
[EventCountry "GEO"]
[SourceTitle "playchess.com"]
[Source "ChessBase"]
[SourceQuality "1"]

{[%evp 13,94,0,0,0,2,1,-3,-12,-14,-13,39,44,120,118,121,106,85,93,83,84,141,58,59,54,140,96,99,90,89,89,106,82,91,85,126,75,180,96,124,92,115,-304,-297,-337,-316,-374,-367,-330,-189,-200,-193,-187,-186,-187,-172,-275,-253,-538,-440,-789,-767,-750,-727,-739,-693,-768,-798,-776,-756,-770,-780,-885,-841,-1075,-1079,-1070,-1090,-1072,-1076,-1048,-1041,-908,-902]} 1. d4 Nf6 2. c4 e6 3. Nc3 Bb4 4. Qc2 d5 5. e3 O-O 6. Nf3 b6 7. cxd5 exd5 8. Bd3 {E34: Nimzo-Indian: Classical: 4...d5} Ba6 (8... Bb7 9. O-O a6 10. a3 Bd6 11. b4 Re8 12. b5 Bf8 13. Bb2 axb5 14. Bxb5 c6 15. Bd3 Ba6 16. Rfc1 Bxd3 17. Qxd3 {1-0 (30) Cori Tello,J (2664)-Lenderman,A (2626) Saint Louis 2018}) 9. Bxa6 Nxa6 10. Qa4 $146 {The position is equal.} ({Predecessor:} 10. O-O Re8 11. a3 Bxc3 12. bxc3 c5 13. Ne5 Nb8 14. Bb2 c4 15. a4 Nbd7 {0-1 (43) Bartels,K (2078)-Hahner,A (2123) Remote email 2014}) 10... Qc8 11. O-O c5 (11... Re8 $11) 12. Nb5 $14 c4 (12... Ba5 $1 $14) 13. b3 $1 $16 Ne4 14. bxc4 $1 dxc4 15. Rb1 Ba5 16. Ne5 {Threatens to win with Qc2.} c3 (16... Nc7 $142) 17. Ba3 (17. Qc2 $16 Qb7 18. f3) 17... Rd8 $1 $14 18. Rbc1 Nc7 ({Better is} 18... Qe6 $1 $14) 19. Nc6 {[%mdl 64] Double Attack} Nd5 20. Nxd8 ({Much weaker is} 20. Nxa5 a6 $15) 20... Qxd8 21. Qc2 Nd2 22. Rfe1 a6 23. Nd6 {Strongly threatening Qf5.} Qg5 24. Re2 (24. Qd1 $142) 24... h5 {[#]} (24... Qg4 $16 25. Qd1 Qe6) 25. Qd3 (25. Qa4 $1 $18) 25... b5 26. Bc5 Bc7 27. Ne4 $2 {[%mdl 8192] [#]} (27. Qf5 $16 {stays on course.} Qxf5 28. Nxf5) 27... Qg6 $1 $19 28. Rxd2 cxd2 29. Rd1 Re8 30. f3 f5 $40 {[%mdl 128] Black attacks with force.} (30... Ba5 $142 {...f5 is the strong threat.} 31. Qa3 f5 32. Qxa5 fxe4 33. Qxd2 exf3) 31. Qb3 Qe6 32. Nxd2 Qxe3+ 33. Qxe3 Rxe3 34. Nb3 (34. Nf1 {keeps fighting.} Rc3 35. Rd2) 34... h4 35. Rd2 $2 (35. Nc1) 35... a5 {[%cal Ba6a5,Ba5a4][%mdl 32] Black is clearly winning.} 36. Kf2 (36. Rd1 $142 Re2 37. Nc1) 36... Bxh2 37. Rd1 Bg3+ 38. Kf1 a4 39. Nd2 Nc3 {Played: Re3-d3} 0-1

[Event "Maia Cup 2019"]
[Site "Tbilisi"]
[Date "2019.09.05"]
[Round "3.5"]
[White "Arutinian, David"]
[Black "Morchiashvili, Bachana"]
[Result "1-0"]
[WhiteElo "2551"]
[BlackElo "2320"]
[Annotator "TA"]
[PlyCount "81"]
[EventDate "2019.09.05"]
[EventType "swiss"]
[EventCountry "GEO"]
[SourceTitle "playchess.com"]
[Source "ChessBase"]
[SourceQuality "1"]

{[%evp 24,81,76,75,57,52,41,45,73,62,83,82,101,74,74,27,114,100,166,162,153,159,157,159,163,155,162,132,131,132,135,138,142,142,784,749,803,798,798,731,810,795,797,806,749,537,510,515,874,454,493,180,2818,1192,1197,1111,5622,1170,922,732]} 1. Nf3 Nf6 2. c4 g6 3. Nc3 Bg7 4. e4 d6 5. d4 O-O 6. Be2 e5 7. O-O Nc6 8. d5 Ne7 9. Ne1 Nd7 10. Be3 f5 11. f3 f4 12. Bf2 g5 13. Rc1 Ng6 {E99: King's Indian: Classical Main Line: 9 Ne1 Nd7 10 f3 f5} (13... h5 14. c5 Nxc5 15. b4 Na6 16. Nb5 Rf7 17. Nd3 Kh8 18. a4 Ng8 19. Nxa7 Bd7 20. Nb5 Nf6 21. Rc3 {1-0 (50) So,W (2780)-Duda,J (2737) chess.com INT 2018}) 14. Nb5 b6 15. b4 a6 {White is slightly better.} 16. Nc3 Nf6 17. c5 Bd7 18. cxd6 cxd6 19. b5 g4 $146 (19... axb5 $11 {remains equal.} 20. Bxb5 g4) ({Predecessor:} 19... h5 20. bxa6 g4 21. Qb3 {1-0 (42) Lenderman,A (2549)-Zolotukhin,V (2348) Moscow 2011}) 20. fxg4 $16 ({Don't do} 20. bxa6 g3 $11) 20... axb5 (20... Bh6 $16 {was called for.}) 21. g5 $18 Ne8 22. Bxb5 Bxb5 23. Nxb5 Qxg5 24. Nf3 $36 {[%mdl 2048] Black is under strong pressure.} Qd8 25. Qe2 Bf6 26. Rc6 Rb8 27. Rfc1 Rf7 28. a4 Bh4 $2 {[%mdl 8192]} (28... Kh8 $16 29. Nd2 Ne7) 29. Nxh4 Nxh4 30. Qg4+ {[%mdl 64] [#] Double Attack} Ng6 31. Rc8 Rxc8 32. Rxc8 Qe7 33. h4 Kg7 34. Rxe8 {[%mdl 64] Remove Defender} Qxe8 35. h5 {[%mdl 64] Pin} Rf6 (35... Qf8 $142 36. hxg6 hxg6 37. Bxb6 f3) 36. hxg6 Rxg6 37. Qf5 $2 (37. Nxd6 Qxa4 38. Nf5+ Kh8 39. Qh3) 37... Qa8 $2 {[#]} (37... Qd8 38. Na7 f3) 38. Qd7+ (38. Nxd6 $142 $1 {[%mdl 512]} Qb8 (38... Rxd6 39. Qxe5+) 39. Qd7+ Kh8 40. Nf7+ Kg8 41. Bh4) 38... Kh8 39. Nxd6 f3 40. g3 (40. Nf7+ $142 Kg8 41. Nxe5 Rxg2+ 42. Kh1 Rxf2 43. Qe6+ Kg7 44. Qg4+ Kf6 45. Qf4+ Kg7 46. Qg3+ {[%mdl 64] Double Attack} Kf6 47. Ng4+ {[%mdl 64] Double Attack} (47. Qxf2 Kxe5 48. Qxf3 Qxa4 $14) 47... Kg6 48. Nxf2+ Kh6 49. Ng4+ Kh5 50. Nf6+ Kh6 51. Ng8+ Qxg8 52. Qxg8) 40... Qf8 41. Nf5 {Accuracy: White = 49%, Black = 38%.} 1-0

[Event "Maia Cup 2019"]
[Site "Tbilisi"]
[Date "2019.09.05"]
[Round "3.6"]
[White "Chkhaidze, Nikoloz"]
[Black "Maghalashvili, Davit"]
[Result "0-1"]
[WhiteElo "2333"]
[BlackElo "2500"]
[Annotator "TA"]
[PlyCount "62"]
[EventDate "2019.09.05"]
[EventType "swiss"]
[EventCountry "GEO"]
[SourceTitle "playchess.com"]
[Source "ChessBase"]
[SourceQuality "1"]

{[%evp 9,62,23,52,49,53,53,45,47,57,59,62,24,22,6,16,-17,-13,-96,-104,-238,-129,-200,-199,-218,-211,-366,-341,-348,-368,-361,-358,-330,-227,-302,-215,-231,-230,-328,-319,-579,-578,-625,-580,-586,-577,-1026,-1010,-992,-977,-29974,-29976,-5581,-5327,-29993,-29990]} 1. d4 Nf6 2. c4 d6 3. Nc3 Bf5 4. Nf3 g6 5. h3 Bg7 (5... Ne4 6. Nxe4 Bxe4 7. Ng5 Bf5 8. e4 Bd7 9. Be3 Bg7 10. Qd2 e5 11. Nf3 Nc6 12. d5 Ne7 13. g4 {1-0 (58) Eljanov,P (2706)-Moussard,J (2559) Biel 2018}) 6. g4 {E61: King's Indian: Early deviations for White, including Smyslov System} Bc8 7. e4 h5 8. g5 {White is slightly better.} Nfd7 9. Be3 O-O 10. h4 $146 ({Predecessor:} 10. Nh4 e5 11. d5 a5 12. Be2 Nc5 13. Rg1 Bxh3 14. Bxh5 {1-0 (24) Savina,A (2364)-Grigorian,M (2181) Sochi 2017}) 10... c5 11. d5 Na6 12. Bh3 Qa5 13. Bxd7 (13. Qc1 $11 {keeps the balance.}) 13... Bxd7 $17 ({Much worse is} 13... Bxc3+ 14. bxc3 Bxd7 15. Qc2 $11) 14. Qd2 {[#]} (14. Nd2 $17 {is a better defense.}) 14... Nc7 (14... Qb4 $1 $19 15. Qc1 Qxc4) 15. Ne2 {[#]} (15. Qd3 $17 {was worth a try.}) 15... Qa6 $1 $19 16. Qc2 b5 17. cxb5 $2 (17. Bd2 {was called for.}) 17... Bxb5 {White must now prevent ...Bd3.} ({Weaker is} 17... Qxb5 18. Nc3 $17) 18. Nf4 Rab8 19. a4 Bd7 20. Ra2 Rb4 {Threatens to win with ...Rfb8.} 21. b3 Rfb8 22. Nd2 e6 23. Nd3 (23. dxe6 $142 Bxe6 24. Nxe6 Nxe6 25. Rh3) 23... R4b7 24. Bxc5 $2 (24. dxe6 {was necessary.} Bxe6 25. Nc1) 24... exd5 25. O-O dxe4 26. Nxe4 Bf5 27. Nb4 Rxb4 28. Bxb4 Rxb4 29. Qxc7 Rxe4 30. f3 Bd4+ 31. Kg2 Re2+ {Accuracy: White = 23%, Black = 82%.} 0-1